000 00882nam a2200289 i 4500
001 C2-0342112
003 PPAK
005 20180728143600.0
008 170709s2017 my a|||| ||||| | eng d
020 _a9789835990779
040 _aPPAK
_beng
_cPPAK
_erda
082 0 4 _a428.2076
_223
090 0 0 _a428.2076
_bMAC
_dRK
100 1 _aMac, Yin Mee,
_eauthor
245 1 0 _aUlang kaji Bahasa Inggeris UPSR
264 1 _aPetaling Jaya, Selangor :
_bSasbadi Sdn. Bhd. ,
_c2017
300 _avii, 223 pages :
_bcolour illustrations ;
_c30 cm
336 _2rdacontent
_atext
337 _2rdamedia
_aunmediated
338 _2rdacarrier
_avolume
490 1 _aSuper skills ulang kaji UPSR
500 _aIncludes questions and answers.
650 1 0 _aEnglish language - Problems, exercises, etc.
700 _eauthor
830 0 _aSuper skills ulang kaji UPSR
942 _ddc
_cB
999 _c139057
_d139057